000 00308nam a22001457a 4500
003 SGT
082 _a617.96, H14M
100 _aMALAMED, STANLEY F.
245 _aHB. OF LOCAL ANESTHESIA
250 _a6TH
260 _aINDIA
_bJAYPEE
_c2014
300 _a409
650 _aANESTHESIA
942 _2ddc
_cBK
_02
999 _c9070
_d9070